PSYCHOLOGY (Record no. 1576)

MARC details
000 -LEADER
fixed length control field 00273nam a2200133Ia 4500
082 ## - DEWEY DECIMAL CLASSIFICATION NUMBER
Classification number 150
Item number P07
100 ## - MAIN ENTRY--PERSONAL NAME
Personal name CICCARELLI , SAUNDRA K
245 ## - TITLE STATEMENT
Title PSYCHOLOGY
250 ## - EDITION STATEMENT
Edition statement 1ST
260 ## - PUBLICATION, DISTRIBUTION, ETC. (IMPRINT)
Name of publisher, distributor, etc PERSON
Place of publication, distribution, etc DELHI
Year of Publication 2007
300 ## - PAGE DESCRIPTION
No. of Pages 1-
650 ## - SUBJECT ADDED ENTRY--TOPICAL TERM
Topical term or geographic name as entry element PSYCHOLOGY
942 ## - ADDED ENTRY ELEMENTS (KOHA)
Source of classification or shelving scheme Dewey Decimal Classification
Koha item type Books
942 ## - ADDED ENTRY ELEMENTS (KOHA)
-- 3
Holdings
Withdrawn status Lost status Source of classification or shelving scheme Damaged status Not for loan Collection code Home library Current library Shelving location Date acquired SGTU Total Checkouts Full call number Accession No. (Barcode) Date last seen Date last borrowed Bill Date Koha item type
    Dewey Decimal Classification     MEDICAL SGT Engineering Library SGT Engineering Library Text Book 08/02/2014 SGTU 27 150 P07 FM5550 13/11/2025 30/10/2025 08/02/2014 Books